<?xml version="1.0" encoding="UTF-8"?>
<record
    xmlns:xsi="http://www.w3.org/2001/XMLSchema-instance"
    xsi:schemaLocation="http://www.loc.gov/MARC21/slim http://www.loc.gov/standards/marcxml/schema/MARC21slim.xsd"
    xmlns="http://www.loc.gov/MARC21/slim">

  <leader>01723nam a22002177a 4500</leader>
  <controlfield tag="005">20260109163437.0</controlfield>
  <datafield tag="010" ind1=" " ind2=" ">
    <subfield code="a">HIN-130780</subfield>
  </datafield>
  <datafield tag="020" ind1=" " ind2=" ">
    <subfield code="a">9789373596051</subfield>
    <subfield code="c">499.00</subfield>
  </datafield>
  <datafield tag="035" ind1=" " ind2=" ">
    <subfield code="a">HN-103126</subfield>
  </datafield>
  <datafield tag="037" ind1=" " ind2=" ">
    <subfield code="b">DBAD </subfield>
  </datafield>
  <datafield tag="082" ind1=" " ind2=" ">
    <subfield code="a">000</subfield>
  </datafield>
  <datafield tag="100" ind1=" " ind2=" ">
    <subfield code="a">&#x935;&#x948;&#x926;&#x935;&#x93E;&#x928;, &#x930;&#x94B;&#x939;&#x93F;&#x924; </subfield>
    <subfield code="9">86283</subfield>
  </datafield>
  <datafield tag="245" ind1=" " ind2=" ">
    <subfield code="a">&#x91F;&#x940; &#x91C;&#x940; &#x91F;&#x940; &#x90F;&#x923;&#x94D;&#x921; &#x92A;&#x940; &#x91C;&#x940; &#x91F;&#x940; &#x938;&#x902;&#x938;&#x94D;&#x915;&#x943;&#x924; /</subfield>
    <subfield code="c">&#x930;&#x94B;&#x939;&#x93F;&#x924; &#x935;&#x948;&#x926;&#x935;&#x93E;&#x928;                                                                                                                                                                                                                                                                                                                                                                                                                                                                                                                                                                                                                                                             </subfield>
  </datafield>
  <datafield tag="260" ind1=" " ind2=" ">
    <subfield code="a">&#x928;&#x908; &#x926;&#x93F;&#x932;&#x94D;&#x932;&#x940; </subfield>
    <subfield code="b">&#x90F;&#x938; &#x91A;&#x928;&#x94D;&#x926; &#x90F;&#x923;&#x94D;&#x921; &#x915;&#x902;&#x92A;&#x928;&#x940; &#x932;&#x93F;&#x92E;&#x93F;&#x91F;&#x947;&#x921;  </subfield>
    <subfield code="c">2026</subfield>
  </datafield>
  <datafield tag="270" ind1=" " ind2=" ">
    <subfield code="a">&#x90F;-27 &#x926;&#x94D;&#x935;&#x93F;&#x924;&#x940;&#x92F; &#x924;&#x932;, &#x92E;&#x94B;&#x939;&#x928; &#x938;&#x940;&#x913;&#x911;&#x92A;&#x930;&#x947;&#x91F;&#x93F;&#x902;&#x935; &#x907;&#x902;&#x921;&#x938;&#x94D;&#x91F;&#x94D;&#x930;&#x93F;&#x92F;&#x932; &#x90F;&#x938;&#x94D;&#x91F;&#x947;&#x91F; ,</subfield>
    <subfield code="b">&#x928;&#x908; &#x926;&#x93F;&#x932;&#x94D;&#x932;&#x940; </subfield>
    <subfield code="e">110044</subfield>
  </datafield>
  <datafield tag="300" ind1=" " ind2=" ">
    <subfield code="a">295&#x92A;&#x943;.</subfield>
    <subfield code="c">24&#x938;&#x947;&#x92E;&#x940; (&#x905;&#x91C;&#x93F;&#x932;&#x94D;&#x926;)</subfield>
  </datafield>
  <datafield tag="500" ind1=" " ind2=" ">
    <subfield code="a"> &#x938;&#x902;&#x938;&#x94D;&#x915;&#x943;&#x924;  &#x938;&#x93E;&#x939;&#x93F;&#x924;&#x94D;&#x92F; , &#x935;&#x94D;&#x92F;&#x93E;&#x915;&#x930;&#x923;  2000 MCQ's &#x935;&#x94D;&#x92F;&#x93E;&#x916;&#x94D;&#x92F;&#x93E; &#x938;&#x939;&#x93F;&#x924; </subfield>
  </datafield>
  <datafield tag="650" ind1=" " ind2=" ">
    <subfield code="a">&#x939;&#x93F;&#x928;&#x94D;&#x926;&#x940; &#x928;&#x93F;&#x92C;&#x902;&#x927;</subfield>
    <subfield code="9">86284</subfield>
  </datafield>
  <datafield tag="650" ind1=" " ind2=" ">
    <subfield code="a">Hindi essays</subfield>
    <subfield code="9">86285</subfield>
  </datafield>
  <datafield tag="942" ind1=" " ind2=" ">
    <subfield code="2">ddc</subfield>
    <subfield code="c">HN</subfield>
    <subfield code="h">000</subfield>
    <subfield code="m">&#x935;&#x948;&#x926;&#x935;&#x93E;</subfield>
  </datafield>
  <datafield tag="999" ind1=" " ind2=" ">
    <subfield code="c">214071</subfield>
    <subfield code="d">214071</subfield>
  </datafield>
  <datafield tag="952" ind1=" " ind2=" ">
    <subfield code="0">0</subfield>
    <subfield code="1">0</subfield>
    <subfield code="4">0</subfield>
    <subfield code="7">0</subfield>
    <subfield code="8">NFIC</subfield>
    <subfield code="a">BN</subfield>
    <subfield code="b">BN</subfield>
    <subfield code="d">2026-01-09</subfield>
    <subfield code="e">DBAD</subfield>
    <subfield code="g">499.00</subfield>
    <subfield code="l">0</subfield>
    <subfield code="o">000 &#x935;&#x948;&#x926;&#x935;&#x93E;</subfield>
    <subfield code="p">HN-103126</subfield>
    <subfield code="r">2026-01-09 00:00:00</subfield>
    <subfield code="t">1</subfield>
    <subfield code="v">499.00</subfield>
    <subfield code="w">2026-01-09</subfield>
    <subfield code="y">HN</subfield>
  </datafield>
</record>
